01096nam a22001817a 4500008004100000040000800041041001300049100003500062245008100097260011300178300002300291520036100314650006700675650004500742942000800787952010400795999001500899250618b |||||||| |||| 00| 0 eng d ctbs ageraeng aPurrucker, Dirk925508eauthor aGerman swearingb: top German insults and how to use themc/ Dirk Purrucker. a[Place of publication not identified] : b[Publisher not identified],c[date of publication not identified]. a10 pages ;c23 cm. aIf you've ever wanted to find out if German swearing is as mean as it can sound, you have found your book. Including dozens of commonly used swear words and phrases used all across Germany, you will be exposed to an overview of dozens of most common German swear words, examples and light social commentary. This book is a must for any German swearing fan. 0aGerman languagevConversation and phrase booksxEnglish925335 0aGerman languagexSelf-instruction924644 2lcc 00102lcc4070aTBSbTBSd2025-06-18l0oP-DE LEARN PURpB07571r2025-06-18t1w2025-06-18yGERMAN c4765d4765